000 00495nam a22001817a 4500
005 20251108172912.0
008 250721s1993 xx 000 0 ara d
020 _a9772710501
082 1 4 _a638.16/حسي
100 1 _aالحسيني، محمد أحمد
245 1 0 _aدليل مربى النحل /
264 1 _aالقاهرة :
_bمكتبة ابن سينا،
_c1993.
300 _a320 ص.
650 1 7 _aنحل العسل
650 1 7 _aالعسل
942 _2ddc
_cBK
999 _c91355
_d91355